Rayos de Röntgen (Record no. 162402)

MARC details
000 -LEADER
campo de control de longitud fija 00719nam a22001815i 4500
001 - NÚMERO DE CONTROL
campo de control 162402
003 - IDENTIFICADOR DE NÚMERO DE CONTROL
campo de control ES-MaACL
005 - FECHA Y HORA DE LA ÚLTIMA TRANSACCIÓN
campo de control 20230906212521.0
008 - DATOS DE LONGITUD FIJA--INFORMACIÓN GENERAL
campo de control de longitud fija 020912s1897 sp |||| | spa d
040 ## - FUENTE DE CATALOGACIÓN
Centro catalogador/agencia de origen CCPB | B
Lengua de catalogación spa
Centro/agencia transcriptor CCPB | B
100 1# - ENTRADA PRINCIPAL--NOMBRE DE PERSONA
Nombre de persona Pombo y Sánchez, Leopoldo.
9 (RLIN) 131255
245 10 - MENCIÓN DEL TÍTULO
Título Rayos de Röntgen
Resto del título : sus aplicaciones á la medicina y á la cirugía : tesis del doctorado /
Mención de responsabilidad, etc. por Leopoldo Pombo y Sánchez.
260 ## - PUBLICACIÓN, DISTRIBUCIÓN, ETC.
Lugar de publicación, distribución, etc. Madrid :
Nombre del editor, distribuidor, etc. [s.n.],
Fecha de publicación, distribución, etc. 1897 (
Fabricante Luis Parra, impresor)
300 ## - DESCRIPCIÓN FÍSICA
Extensión 28 p. ;
Dimensiones 25 cm.
594 #1 - Nota al título y mención de responsabilidad
Nota al título y mención de responsabilidad Precede al tít.: "Facultad de Medicina"
650 #4 - PUNTO DE ACCESO ADICIONAL DE MATERIA--TÉRMINO DE MATERIA
Término de materia o nombre geográfico como elemento de entrada Rayos X.
9 (RLIN) 136804
852 ## - LOCALIZACIÓN
Ubicación ES-MaACL
Número de control de estantería T-1313-F-9
Nota libre -- Enc. hol., conservando la cub. original
-- -- Enc. en un vol. facticio
Holdings
Estatus retirado Estado de pérdida Estado de daño No para préstamo Colección Biblioteca de origen Biblioteca actual Ubicación en estantería Fecha de adquisición Total de préstamos Signatura topográfica completa Código de barras Visto por última vez Precio de reemplazo Tipo de ítem Koha Fuente de adquisición
        Colección de folletos Biblioteca del Ateneo de Madrid Biblioteca del Ateneo de Madrid Depósito folletos 17/09/2014   T-1313-F-9 1193082 23/02/2023 23/02/2023 Folleto  
        Colección de folletos Biblioteca del Ateneo de Madrid Biblioteca del Ateneo de Madrid Depósito folletos 17/01/2008   T-1313-F 1170138 23/02/2023 23/02/2023 Folleto